Open Data Biblioteca Nacional de Portugal


República Portuguesa: Ministério da Cultura
Biblioteca Nacional de Portugal

Catálogo da BNP: acesso por Identificadores Unívocos
Registos Bibliográficos associados ao registo de autoridade

Etiqueta de registo: 00254nam 2200025 450
001 2284665
003 http://id.bnportugal.gov.pt/bib/catbnp/2284665
100 ## $a20260417d2025 k y0pory01030103ba
101 0# $aeng$dpor
102 ## $aPT
105 ## $aa m 000yy
106 ## $ar
200 1# $aInvestigation on welding of high entropy alloys in similar and dissimilar combinations$fJoão Carlos Galveias Lopes$gorient. João Pedro de Sousa Oliveira, Norman Zhou
210 #9 $a[S.l.$cs.n.],$d2025
215 ## $aXXXIII, [1], 274 p.$cil.$d30 cm
328 #1 $aTese dout. Mechanical Engineering, Nova School of Science & Technology, Universidade Nova de Lisboa, 2025
700 #1 $aLopes,$bJoão Carlos Galveias$31996153
702 #1 $aZhou,$bNorman$4727$31996154
702 #1 $aOliveira,$bJoão Pedro Sousa$4727$31872835
801 #0 $aPT$bBN$gRPC
966 ## $lBN$mFGMON$x1
971 ## $cisantos$d20260417

OpendataBNP@bnportugal.pt | Mais informação sobre acesso aos dados BNP